[Event "11. OSEM SH"]
[Site "Büsum"]
[Date "2017.09.10"]
[Round "3.32"]
[White "Duijker, Bert"]
[Black "Bondick, Karl-Heinz"]
[Result "1/2-1/2"]
[BlackElo "1991"]
[BlackTeam "USC Magdeburg"]
[WhiteElo "1868"]
[WhiteTeam "ASV Arnhem"]

1. Nf3 f5 2. d4 Nf6 3. c4 e6 4. g3 Be7 5. Bg2 d5 6. O-O O-O 7. b3 c6 8. Ba3 Bd7
9. Bxe7 Qxe7 10. Nbd2 Be8 11. Ne5 Nbd7 12. Ndf3 Bh5 13. Rc1 Rad8 14. Nxd7 Nxd7
15. e3 e5 16. Qc2 e4 17. Ne1 Nf6 18. Qd2 dxc4 19. bxc4 b5 20. cxb5 cxb5 21. Qb2
b4 22. Rc5 Nd5 23. Nc2 Bf7 24. Nxb4 Nxb4 25. Qxb4 Bxa2 26. Qa5 Be6 27. Rfc1 Rd7
28. Rc7 Rfd8 29. Bf1 Rxc7 30. Rxc7 Rd7 31. Rc8+ Kf7 32. Rc5 Kg6 33. Re5 Qd6 
1/2-1/2

[Event "11. OSEM SH"]
[Site "Büsum"]
[Date "2017.09.10"]
[Round "3.33"]
[White "Quiring, Nikolai"]
[Black "Jünger, Leonhard"]
[Result "1-0"]
[BlackElo "1833"]
[BlackTeam "Aachener SV"]
[WhiteElo "1990"]
[WhiteTeam "SV Rendsburg"]

1. d4 d5 2. c4 e5 3. dxe5 d4 4. Nf3 Nc6 5. Nbd2 Nge7 6. g3 Be6 7. Bg2 Qd7 8. O-O
O-O-O 9. Qa4 Kb8 10. b4 Nxe5 11. b5 Nxf3+ 12. Nxf3 Nc8 13. Ne5 Qd6 14. Bf4 Qa3
15. Qc2 Nd6 16. Rfd1 Be7 17. Rxd4 f6 18. Nd3 Nf5 19. Re4 Nd4 20. Qd1 Nxe2+ 21.
Qxe2 Rxd3 22. Rxe6 Bc5 23. Re8+ Rd8 24. Rxd8+ Rxd8 25. Qe4 Bxf2+ 26. Kh1  1-0

[Event "11. OSEM SH"]
[Site "Büsum"]
[Date "2017.09.10"]
[Round "3.34"]
[White "Bullert, Wolfgang"]
[Black "Potschka, Dieter"]
[Result "1-0"]
[BlackElo "1829"]
[BlackTeam "VfL Geesthacht"]
[WhiteElo "1989"]
[WhiteTeam "Potsdamer SV"]

1. e4 e6 2. d4 d5 3. Be3 Nf6 4. e5 Nfd7 5. f4 c5 6. Nf3 Nc6 7. c3 cxd4 8. Nxd4
a6 9. Bd3 g6 10. Nd2 Nc5 11. Bc2 Nd7 12. O-O Nxd4 13. Bxd4 b5 14. Qe2 Qc7 15.
Nf3 Bb7 16. Ng5 Nc5 17. b4 h6 18. Nxf7 Qxf7 19. bxc5 O-O-O 20. a4 Bc6 21. axb5
Bxb5 22. Bd3  1-0

[Event "11. OSEM SH"]
[Site "Büsum"]
[Date "2017.09.10"]
[Round "3.35"]
[White "Rychlik, Kurt"]
[Black "Wulf, Adalbert"]
[Result "1-0"]
[BlackElo "1823"]
[BlackTeam "SV Ennigerloh-Oelde"]
[WhiteElo "1988"]
[WhiteTeam "SV Berenbostel"]

1. c4 Nf6 2. Nc3 d6 3. g3 e5 4. Bg2 Be7 5. d3 c6 6. e4 Nbd7 7. Nge2 Qc7 8. O-O
O-O 9. h3 Nc5 10. f4 Kh8 11. f5 b5 12. Be3 b4 13. Nb1 Bb7 14. g4 Rad8 15. Qc2
a5 16. Nd2 a4 17. Ng3 h6 18. Rac1 Qa5 19. b3 Ra8 20. Rf2 Nh7 21. Nf3 axb3 22.
axb3 Qd8 23. Kh2 Ng5 24. Ne1 Nh7 25. d4 Na6 26. Rd1 Bg5 27. Bxg5 Qxg5 28. Nf3
Qe7 29. Qd2 c5 30. d5 Nc7 31. h4 Nf6 32. Bh3 Nh7 33. g5 Ra3 34. gxh6 gxh6 35.
Qxh6 Qf6 36. Qe3 Qe7 37. Nh5 f6 38. Rg1 Ne8 39. Rfg2 Bc8 40. Qh6 Rxb3 41. Rg7
Nxg7 42. Rxg7  1-0

[Event "11. OSEM SH"]
[Site "Büsum"]
[Date "2017.09.10"]
[Round "3.36"]
[White "Chmielewski, Axel"]
[Black "Jäke, Wilhelm"]
[Result "0-1"]
[BlackElo "1983"]
[BlackTeam "Kropper SC"]
[WhiteElo "1860"]
[WhiteTeam "Volksdorfer SK"]

1. d4 e6 2. c4 f5 3. g3 Nf6 4. Bg2 Bb4+ 5. Bd2 Qe7 6. Nc3 O-O 7. e3 d6 8. Nge2
c6 9. O-O e5 10. Qc2 Bxc3 11. Bxc3 e4 12. h4 Be6 13. b3 Nbd7 14. Nf4 Bf7 15.
Rae1 h6 16. f3 g5 17. hxg5 hxg5 18. Ne2 Bg6 19. Qd2 Rf7 20. Kf2 exf3 21. Bxf3
Bh5 22. Qd3 Bxf3 23. Kxf3 Re8 24. Bd2 Ne4 25. Nc3 Ndf6 26. Kg2 Qe6 27. Rh1 Ng4
28. Nd1 d5 29. Bc1 Qd6 30. Rh3 Rh7 31. Reh1 Ree7 32. Qf1 Rxh3 33. Rxh3 Rh7 34.
Qh1 Ngf6 35. Qh2 Ng4 36. Qg1 Rxh3 37. Kxh3 Kg7 38. Nb2 Ngf2+ 39. Kh2 Qh6+ 40.
Kg2 Qh3+ 41. Kf3 Qg4+ 42. Kg2 Qxg3+ 43. Kf1 Qf3 44. Ke1 g4  0-1

[Event "11. OSEM SH"]
[Site "Büsum"]
[Date "2017.09.10"]
[Round "3.37"]
[White "Mewes, Hans-Dieter"]
[Black "Kracht, Helmut"]
[Result "0-1"]
[BlackElo "1979"]
[BlackTeam "SK Kaltenkirchen"]
[WhiteElo "1845"]
[WhiteTeam "VHS Heide"]

1. c4 g6 2. Nc3 Bg7 3. g3 d6 4. Bg2 e5 5. d3 Nc6 6. e3 Nf6 7. Nge2 O-O 8. O-O
Be6 9. h3 e4 10. Nxe4 Nxe4 11. Bxe4 Bxh3 12. Bg2 Bg4 13. f3 Bd7 14. Rb1 a5 15.
a3 Re8 16. d4 Ne7 17. Qd3 c6 18. b4 axb4 19. axb4 d5 20. c5 Bf5 21. e4 dxe4 22.
fxe4 Bg4 23. Bf3 Bc8 24. Bf4 Be6 25. Ra1 Qd7 26. Rfd1 f5 27. Bd6 fxe4 28. Bxe4
Rxa1 29. Rxa1 Nc8 30. Bf4 Bd5 31. Bg2 Rxe2 32. Qxe2 Bxd4+ 33. Kh2 Bxa1 34. Bh3
Qd8 35. Be6+ Bxe6 36. Qxe6+ Kg7  0-1

[Event "11. OSEM SH"]
[Site "Büsum"]
[Date "2017.09.10"]
[Round "3.38"]
[White "Wolke, Reimund"]
[Black "Merettig, Georg"]
[Result "1/2-1/2"]
[BlackElo "1814"]
[BlackTeam "SV Caissa Wolfenbüttel"]
[WhiteElo "1979"]
[WhiteTeam "Hamburger SK"]

1. e4 Nc6 2. Nf3 b6 3. d4 e6 4. d5 Na5 5. Bd3 Nf6 6. c4 Bb4+ 7. Nc3 O-O 8. O-O
Bxc3 9. bxc3 Ba6 10. Bg5 h6 11. Bxf6 Qxf6 12. e5 Qf4 13. h3 h5 14. g3 Qh6 15.
Qe2 Bb7 16. Be4 f5 17. exf6 Qxf6 18. Nh4 exd5 19. Bg6 Qg5 20. Qc2 Rf6 21. Rae1
Nxc4 22. Re7 Raf8 23. Bh7+ Kh8 24. Ng6+ Rxg6 25. Qxg6 Qxe7 26. Qxh5 g6 27.
Bxg6+ Kg7  1/2-1/2

[Event "11. OSEM SH"]
[Site "Büsum"]
[Date "2017.09.10"]
[Round "3.39"]
[White "Gebuhr, Günter"]
[Black "Neumann, Horst"]
[Result "1/2-1/2"]
[BlackElo "1809"]
[BlackTeam "SG Güls/Niederfell"]
[WhiteElo "1961"]
[WhiteTeam "SSV Weimar"]

1. e4 g6 2. d4 d5 3. exd5 Qxd5 4. Nc3 Qd8 5. Nf3 Bg7 6. Be2 Bg4 7. O-O c6 8. Be3
Nh6 9. Qd2 Nf5 10. Rad1 e6 11. h3 Bxf3 12. Bxf3 Nxe3 13. fxe3 O-O 14. e4 Qh4
15. Qf2 Qxf2+ 16. Kxf2 Na6 17. Ne2 Rad8 18. c3 Rd7 19. Ng3 Rfd8 20. b4 Nc7 21.
a4 b6 22. e5 c5 23. Bc6 Re7 24. bxc5 bxc5 25. Ne4 cxd4 26. cxd4 Nd5 27. Nd6 Bh6
28. Bxd5 exd5 29. Kg3 Rb8 30. Rb1 Rxb1 31. Rxb1 Be3 32. Rd1 Rc7 33. Rd3 Bg1 34.
Kf4 Rc2 35. g4 h6 36. Ne8 Rc4 37. Nf6+ Kf8 38. Rb3 Rc8 39. Nxd5 Bxd4 40. Rb4
Bg1 41. Re4 Rc5 42. Nf6 Ke7 43. Ng8+ Ke6 44. Nxh6 Bh2+ 45. Kf3 Rxe5  1/2-1/2

[Event "11. OSEM SH"]
[Site "Büsum"]
[Date "2017.09.10"]
[Round "3.40"]
[White "Botvinnik, Alexey"]
[Black "Zimmermann, Manfred"]
[Result "0-1"]
[BlackElo "1949"]
[BlackTeam "Kieler SG"]
[WhiteElo "1836"]
[WhiteTeam "SG Porz"]

1. e4 c5 2. Nf3 a6 3. d4 cxd4 4. Nxd4 Nf6 5. Nc3 e5 6. Nf3 Bb4 7. Bd2 d6 8. Bd3
Bg4 9. h3 Bh5 10. Qe2 Nc6 11. g4 Bg6 12. a3 Bc5 13. O-O-O b5 14. b4 Bb6 15. Nd5
Nxd5 16. exd5 Bxd3 17. Qxd3 Ne7 18. Be3 Rc8 19. Ng5 Rc4 20. Rhe1 h6 21. Ne4 O-O
22. Nd2 Rc8 23. f4 Bxe3 24. Rxe3 exf4 25. Rf3 Ng6 26. Qf5 Nh4 27. Qxf4 Nxf3 28.
Qxf3 Qg5 29. Kb1 Rc7 30. Ne4 Qe5 31. g5 hxg5 32. Rg1 f6 33. Rf1 Rc4 34. Nd2 Rf4
35. Qg2 Re8 36. Rxf4 Qxf4 37. Nb3 Qe4 38. Qxe4 Rxe4 39. Na5 Re7 40. Nc6 Re8 41.
Nd4 g6 42. Ne6 Rc8 43. Kb2 Kf7 44. Kb3 Ke7 45. Nd4 Kd7 46. a4 Rc4 47. axb5 Rxd4
48. bxa6 Kc7 49. c4 Kb6 50. c5+ dxc5 51. bxc5+ Kxa6  0-1

[Event "11. OSEM SH"]
[Site "Büsum"]
[Date "2017.09.10"]
[Round "3.41"]
[White "Mentink, Toon"]
[Black "Brandt, Fred"]
[Result "0-1"]
[BlackElo "1805"]
[BlackTeam "Königsjäger Süd-West"]
[WhiteElo "1946"]
[WhiteTeam "Stukkenjagers"]

1. Nf3 Nf6 2. g3 d5 3. Bg2 e6 4. d3 Be7 5. O-O O-O 6. Nbd2 Nbd7 7. c4 c6 8. Rb1
b6 9. b4 Bb7 10. d4 Qc7 11. Qc2 Rac8 12. c5 Ba6 13. Re1 e5 14. e4 exd4 15. Nxd4
Rfe8 16. Bb2 Ne5 17. Qc3 bxc5 18. bxc5 Nxe4 19. Nxe4 dxe4 20. Bxe4 Bf6 21. Qc2
g6 22. Nxc6 Nxc6 23. Bxf6 Re6 24. Qc3 Rce8 25. Bh8 Ne5 26. f4 Kxh8 27. Bd5 R6e7
28. fxe5 Kg8 29. c6 Rxe5 30. Rxe5 Rxe5 31. Qc5 Bc8 32. Qc4 Re7 33. Qb3 Qe5 34.
Rf1 Ba6 35. Bxf7+ Kg7 36. Bc4 Qd4+ 37. Rf2 Bxc4 38. Qb1 Re2 39. Qf1 Rxa2 40.
Qe1 Qxf2+ 41. Qxf2 Rxf2 42. Kxf2 Bd5 43. c7 Bb7 44. Ke3 Kf6  0-1

[Event "11. OSEM SH"]
[Site "Büsum"]
[Date "2017.09.10"]
[Round "3.42"]
[White "Schmieder, Wolfgang Ernst"]
[Black "Wittkugel, Friedhelm"]
[Result "0-1"]
[BlackElo "1941"]
[BlackTeam "SV Kamen"]
[WhiteElo "1800"]
[WhiteTeam "Kasseler SK"]

1. b3 e5 2. Bb2 d6 3. g3 f5 4. Bg2 Nf6 5. Nc3 c6 6. a4 a5 7. e3 Be7 8. h4 Be6 9.
Nh3 h6 10. d4 e4 11. Nf4 Bf7 12. d5 Qd7 13. h5 Na6 14. dxc6 bxc6 15. Bh3 d5 16.
Na2 Nc7 17. Qe2 Kf8 18. Ng6+ Bxg6 19. hxg6 h5 20. O-O-O Rh6 21. Bg2 Qe6 22. Kb1
Ng4 23. f3 exf3 24. Bxf3 Qxg6 25. Rdf1 Kg8 26. Bc1 Rh7 27. Rh3 Ne6 28. Rfh1 Ng5
29. Bxg4 fxg4 30. R3h2 Ne4 31. Qd3 Qg5 32. Rg2 Bf6 33. c4 Nc5 34. Qc2 Rb8 35.
e4 Qe5 36. Bb2 Qxe4 37. Qxe4 dxe4 38. Nc1 Nxb3 39. Nxb3 Rxb3 40. Ka2 Rxb2+ 41.
Rxb2 Bxb2 42. Kxb2 g6 43. Re1 Re7 44. Kc3 c5 45. Rd1 e3 46. Re1 e2 47. Kd3 Kg7
48. Rxe2 Rxe2 49. Kxe2 Kf6 50. Kf2 Ke5 51. Ke3 g5 52. Kd3 h4  0-1

[Event "11. OSEM SH"]
[Site "Büsum"]
[Date "2017.09.10"]
[Round "3.43"]
[White "Piastowski, Kurt"]
[Black "Wagner, Ingolf"]
[Result "1/2-1/2"]
[BlackElo "1799"]
[BlackTeam "Gnoiener SV"]
[WhiteElo "1940"]
[WhiteTeam "Brühler SK"]

1. d4 g6 2. Nf3 d6 3. e4 Bg7 4. Bf4 Nf6 5. Nc3 c6 6. Qd2 b5 7. a3 Qa5 8. Rd1 Bg4
9. Be2 Nh5 10. Be3 Nd7 11. h3 Bxf3 12. Bxf3 Rd8 13. g4 Nhf6 14. O-O e5 15. d5
c5  1/2-1/2

[Event "11. OSEM SH"]
[Site "Büsum"]
[Date "2017.09.10"]
[Round "3.44"]
[White "Lüders, Günter, Dr."]
[Black "Thieme, Wolfgang"]
[Result "1/2-1/2"]
[BlackElo "1939"]
[BlackTeam "SC Bayer Uerdingen"]
[WhiteElo "1796"]
[WhiteTeam "TSV Benshausen"]

1. d4 e6 2. Nf3 c5 3. c3 Qc7 4. Nbd2 d5 5. g3 Nf6 6. Bg2 b6 7. O-O Nbd7 8. Re1
Bb7 9. b3 Bd6 10. Bb2 O-O 11. Rc1 e5 12. dxe5 Nxe5 13. Nxe5 Bxe5 14. Nf3 Bd6
15. e3 Rad8 16. Qc2 Be7 17. Rcd1 Rfe8 18. Nd2 Bd6 19. Nf3 Be7 20. Ng5 h6 21.
Nf3 Ne4 22. Nd2 Nf6 23. Nf3 Ne4  1/2-1/2

[Event "11. OSEM SH"]
[Site "Büsum"]
[Date "2017.09.10"]
[Round "3.45"]
[White "Baerthel, Klaus"]
[Black "Hülle, Gunter"]
[Result "1/2-1/2"]
[BlackElo "1794"]
[BlackTeam "SV Springer Leipzig"]
[WhiteElo "1938"]
[WhiteTeam "Naumburger SV"]

1. e4 e6 2. d4 d5 3. Nc3 Nf6 4. Bg5 Be7 5. e5 Nfd7 6. Bxe7 Qxe7 7. f4 a6 8. Nf3
Qb4 9. a3 Qe7 10. b4 b5 11. Bd3 g6 12. O-O Nb6 13. Ne2 Bb7 14. c3 N8d7 15. Qc1
O-O 16. g4 f5 17. g5 Kg7 18. Kg2 Rh8 19. Ng3 Bc6 20. h4 h5 21. Nd2 Nc4 22. Nb3
Ncb6 23. Nc5 a5 24. Kf2 axb4 25. axb4 Rxa1  1/2-1/2

[Event "11. OSEM SH"]
[Site "Büsum"]
[Date "2017.09.10"]
[Round "3.46"]
[White "Prause, Dieter"]
[Black "Meul, Willi"]
[Result "1/2-1/2"]
[BlackElo "1938"]
[BlackTeam "SV Hürth-Berrenrath"]
[WhiteElo "1793"]
[WhiteTeam "vereinslos"]

1. d4 d5 2. e3 Nf6 3. f4 e6 4. Nf3 Be7 5. Bd3 b6 6. Nbd2 Bb7 7. O-O Nbd7 8. Qe2
c5 9. c3 Ne4 10. Ne5 O-O 11. Nxd7 Qxd7 12. Nxe4 dxe4 13. Ba6 f5 14. Bxb7 Qxb7
15. dxc5 Bxc5 16. b4 Be7 17. a3 Rfd8 18. Bb2 Bf6 19. Rad1 Qc7 20. Qc2 b5 21.
Qb3 Qb6 22. Kf2 Kf8 23. Ke2 Qc6 24. Rxd8+ Rxd8 25. Rd1 Rd5 26. Rxd5 exd5 27. g3
Qc4+ 28. Qxc4 dxc4 29. h3 Kf7 30. Kf2 g5 31. Ke2 Kg6 32. Kf2 gxf4 33. exf4 h5
34. h4 Kf7 35. Ke3 Ke6 36. Kd2 Bd8 37. Bc1 Bb6 38. Ke2 a6  1/2-1/2

[Event "11. OSEM SH"]
[Site "Büsum"]
[Date "2017.09.10"]
[Round "3.47"]
[White "Oettel, Lothar"]
[Black "Steinke, Hans-Jörg"]
[Result "1/2-1/2"]
[BlackElo "1791"]
[BlackTeam "SV Datteln"]
[WhiteElo "1937"]
[WhiteTeam "TSG Oberschöneweide"]

1. d4 d5 2. c4 e6 3. Nc3 Nf6 4. Bg5 Be7 5. e3 O-O 6. Nf3 Nbd7 7. Rc1 c6 8. Bd3
dxc4 9. Bxc4 Nd5 10. Bxe7 Qxe7 11. O-O Nxc3 12. Rxc3 e5 13. dxe5 Nxe5 14. Nxe5
Qxe5 15. f4 Qe4 16. Kh1 Bh3 17. Qc2 Qxc2 18. Rxc2 Bf5 19. Rd2 Rfe8 20. Re1 
1/2-1/2

[Event "11.offene Senioren SH 2017"]
[Site "Büsum"]
[Date "2017.09.10"]
[Round "3.48"]
[White "Borries, Barbara"]
[Black "Schirmer, Werner"]
[Result "1/2-1/2"]
[WhiteElo "1790"]
[BlackElo "1931"]
[PlyCount "49"]
[EventDate "2017.??.??"]
[WhiteTeam "SC Taufkirchen"]
[BlackTeam "Hamburger SK"]

1. e4 c5 2. Nf3 Nc6 3. d4 cxd4 4. Nxd4 g6 5. c4 Nf6 6. Nc3 Nxd4 7. Qxd4 d6 8.
c5 Bg7 9. Bb5+ Bd7 10. cxd6 O-O 11. dxe7 Qxe7 12. Bxd7 Nxd7 13. Qe3 Nc5 14. f3
Qd6 15. Nd5 Ne6 16. Qd2 Qa6 17. Qe2 Qxe2+ 18. Kxe2 Rfe8 19. Rd1 Rad8 20. Rb1 f5
21. Be3 fxe4 22. fxe4 Nd4+ 23. Kd3 Nf5 24. Bxa7 Nd6 25. Bb6 1/2-1/2

[Event "11.offene Senioren SH 2017"]
[Site "Büsum"]
[Date "2017.09.10"]
[Round "3.49"]
[White "Schwertel, Johann"]
[Black "Schwab, Wolfgang"]
[Result "1/2-1/2"]
[WhiteElo "1930"]
[BlackElo "1790"]
[PlyCount "48"]
[EventDate "2017.??.??"]
[WhiteTeam "SV Koblenz"]
[BlackTeam "SV Turm Sankt Augustin"]

1. d4 c5 2. e3 cxd4 3. exd4 d5 4. c3 Nf6 5. Nf3 g6 6. Nbd2 Bg7 7. Bd3 O-O 8.
O-O Re8 9. Re1 Nc6 10. Nf1 Qc7 11. Ng3 Bg4 12. h3 Bxf3 13. Qxf3 e5 14. dxe5
Nxe5 15. Qd1 Nxd3 16. Rxe8+ Rxe8 17. Qxd3 Re1+ 18. Nf1 Qc4 19. Qxc4 dxc4 20. b3
cxb3 21. axb3 Ne4 22. Bb2 Rxa1 23. Bxa1 Nxc3 24. Bxc3 Bxc3 1/2-1/2

[Event "11.offene Senioren SH 2017"]
[Site "Büsum"]
[Date "2017.09.10"]
[Round "3.50"]
[White "Hellwege, Werner"]
[Black "Eberhardt, Michael"]
[Result "0-1"]
[WhiteElo "1929"]
[BlackElo "1763"]
[PlyCount "72"]
[EventDate "2017.??.??"]
[WhiteTeam "HSK LTu"]
[BlackTeam "SC Agon Neumünster"]

1. d4 Nf6 2. c4 e6 3. Nc3 Bb4 4. g3 O-O 5. Bg2 d5 6. cxd5 exd5 7. Bd2 c6 8. Nf3
Nbd7 9. O-O Re8 10. Rc1 Nf8 11. a3 Bd6 12. b4 Bd7 13. Qb3 Rc8 14. Rfe1 Ng6 15.
Bg5 h6 16. Bxf6 Qxf6 17. e4 dxe4 18. Nxe4 Qe6 19. d5 cxd5 20. Nc5 Qf5 21. Nxb7
Rxc1 22. Rxc1 Be7 23. Nd4 Qg5 24. f4 Nxf4 25. gxf4 Qxf4 26. Ne2 Qe5 27. Bxd5
Qg5+ 28. Bg2 Bf6 29. Rc5 Qd2 30. Rd5 Qe1+ 31. Bf1 Rxe2 32. Qg3 Bc6 33. Rd6 Rg2+
34. Qxg2 Bxg2 35. Kxg2 Qe4+ 36. Kh3 Qf3# 0-1

[Event "11.offene Senioren SH 2017"]
[Site "Büsum"]
[Date "2017.09.10"]
[Round "3.51"]
[White "Eschweiler, Gottfried"]
[Black "Bieberle, Gerhart"]
[Result "1/2-1/2"]
[WhiteElo "1766"]
[BlackElo "1927"]
[PlyCount "67"]
[EventDate "2017.??.??"]
[WhiteTeam "Pulheimer SC"]
[BlackTeam "PTSVAachen"]

1. Nf3 c5 2. e4 Nc6 3. d3 g6 4. g3 Bg7 5. Bg2 d6 6. O-O Bg4 7. c3 Qc8 8. Nbd2
h5 9. Qc2 Bh3 10. a4 Bf6 11. Nc4 h4 12. Bg5 Bxg2 13. Bxf6 Nxf6 14. Kxg2 hxg3
15. fxg3 Qh3+ 16. Kh1 Rh5 17. Qg2 Qd7 18. Rae1 O-O-O 19. d4 cxd4 20. cxd4 Ng4
21. Qd2 Rdh8 22. Re2 Kb8 23. b4 d5 24. b5 dxc4 25. bxc6 bxc6 26. Qb4+ Ka8 27.
Qxc4 e6 28. Rc1 Rc8 29. e5 Rhh8 30. Kg1 Qd5 31. Qxd5 cxd5 32. Rec2 Rxc2 33.
Rxc2 Kb7 34. Ng5 1/2-1/2

[Event "11.offene Senioren SH 2017"]
[Site "Büsum"]
[Date "2017.09.10"]
[Round "3.52"]
[White "Fleischer, Matthias"]
[Black "Flockerzi, Armin"]
[Result "0-1"]
[WhiteElo "1926"]
[BlackElo "1758"]
[PlyCount "140"]
[EventDate "2017.??.??"]
[WhiteTeam "SV Einheit Schwerin"]
[BlackTeam "VfR-SC Koblenz"]

1. d4 d5 2. Nf3 c6 3. e3 Nf6 4. Bd3 g6 5. Nbd2 Bg7 6. c3 b6 7. Ne5 Qc7 8. f4 e6
9. Qf3 Nbd7 10. h4 c5 11. g4 cxd4 12. exd4 Nxe5 13. fxe5 Nd7 14. g5 h5 15. gxh6
Bxh6 16. Nb3 Bxc1 17. Nxc1 Bb7 18. Bb5 a6 19. Bxd7+ Qxd7 20. Qf6 Rh5 21. Nd3
Qe7 22. O-O-O Rf5 23. Qxe7+ Kxe7 24. Rdf1 Rxf1+ 25. Rxf1 a5 26. Rf4 Ba6 27. Nf2
Bc4 28. b3 Be2 29. Kd2 Bh5 30. Nh3 b5 31. Ng5 Rf8 32. a3 f5 33. Nh7 Rf7 34. Nf6
Rg7 35. Rf2 Kf7 36. c4 bxc4 37. bxc4 dxc4 38. Kc3 Kf8 39. Kxc4 Bd1 40. Kc5 Bb3
41. Kd6 Ra7 42. Rg2 Ra6+ 43. Kc5 Kf7 44. h5 gxh5 45. Nxh5 a4 46. Rg7+ Kf8 47.
Kb5 Ra8 48. Rd7 Re8 49. Nf4 Kg8 50. Kc5 Rf8 51. Nh5 Rf7 52. Rd8+ Rf8 53. Rd7
Rf7 54. Rd6 f4 55. Rd8+ Kh7 56. Nf6+ Kg6 57. Rg8+ Rg7 58. Rh8 Kf5 59. Rh2 Rg3
60. Rf2 Rc3+ 61. Kd6 Rd3 62. Kc5 f3 63. Rf1 Kf4 64. Rf2 Re3 65. Rh2 Kg3 66. Rh8
f2 67. Rg8+ Kf3 68. Rf8 Ke2 69. Ng4 Rc3+ 70. Kd6 f1=Q 0-1

[Event "?"]
[Site "?"]
[Date "2017.09.10"]
[Round "3.53"]
[White "Garms, Ilse"]
[Black "Plewka, Manfred"]
[Result "1/2-1/2"]
[BlackElo "1925"]
[BlackTeam "SV Rendsburg"]
[EventDate "2017.??.??"]
[PlyCount "73"]
[WhiteElo "1759"]
[WhiteTeam "ESV Eberswalde"]

1. d4 f5 2. e3 Nf6 3. Nf3 g6 4. b3 Bg7 5. Bb2 O-O 6. Bd3 b6 7. Nbd2 Bb7 8. O-O
Ne4 9. Rb1 d5 10. c4 e6 11. Ne5 Nd7 12. f3 Nxe5 13. dxe5 Nxd2 14. Qxd2 dxc4 15.
bxc4 c5 16. Rfd1 Qc7 17. f4 Rfd8 18. Qf2 Rd7 19. Bc2 Rad8 20. Rxd7 Rxd7 21. Rd1
Ba6 22. Rxd7 Qxd7 23. Qe2 b5 24. cxb5 Bxb5 25. Qd1 Qxd1+ 26. Bxd1 Bc4 27. Bb3
Bd5 28. Kf2 Kf7 29. Bxd5 exd5 30. e6+ Kxe6 31. Bxg7 Kd6 32. Ke2 Kc6 33. Kd3 Kb5
34. Kc3 a5 35. a3 a4 36. Bf8 Kc6 37. Be7  1/2-1/2

[Event "?"]
[Site "?"]
[Date "2017.09.10"]
[Round "3.54"]
[White "Johnen, Franz"]
[Black "Lehr, Thomas"]
[Result "1-0"]
[BlackElo "1922"]
[BlackTeam "Husumer SV"]
[EventDate "2017.??.??"]
[PlyCount "87"]
[WhiteElo "1713"]
[WhiteTeam "SVG Alsdorf"]

1. d4 Nf6 2. Nf3 d6 3. e3 c6 4. c4 Qc7 5. Nc3 e5 6. Be2 Be7 7. O-O Bf5 8. b3 O-O
9. Bb2 Re8 10. Rc1 Nbd7 11. d5 Rac8 12. Nd2 Nc5 13. b4 Nd3 14. Bxd3 Bxd3 15.
Re1 e4 16. a4 cxd5 17. cxd5 Qd7 18. f3 Bf8 19. fxe4 Nxe4 20. Ncxe4 Bxe4 21.
Rxc8 Qxc8 22. Nxe4 Rxe4 23. Bd4 Qc4 24. Bxa7 Qxb4 25. Bd4 Qa5 26. Rf1 Qxd5 27.
Qc2 f5 28. g3 g6 29. Rb1 Re8 30. Rb5 Qc6 31. Qb3+ d5 32. Rxd5 Qe6 33. Qxb7 Bh6
34. Re5 Qc8 35. Qd5+ Kf8 36. Bc5+ Kg7 37. Rxe8 Qxe8 38. Bd4+ Kf8 39. Qc5+ Kg8
40. Qc4+ Kf8 41. Kf2 Bg5 42. a5 Qa8 43. a6 Qh1 44. Qc8+  1-0

[Event "?"]
[Site "?"]
[Date "2017.09.10"]
[Round "3.55"]
[White "Gehrmann, Dorit"]
[Black "Nowack, Achim"]
[Result "1/2-1/2"]
[BlackElo "1705"]
[BlackTeam "SK Kaltenkirchen"]
[EventDate "2017.??.??"]
[PlyCount "65"]
[WhiteElo "1920"]
[WhiteTeam "SV Eutin"]

1. e4 d6 2. d4 g6 3. f4 d5 4. e5 e6 5. Nf3 c5 6. c3 Nc6 7. Bd3 cxd4 8. cxd4 Nb4
9. Nc3 Nxd3+ 10. Qxd3 Bd7 11. O-O Nh6 12. b3 a6 13. a4 Rc8 14. Ne2 Nf5 15. Ng3
Nxg3 16. hxg3 Bb4 17. Bd2 Qa5 18. Bxb4 Qxb4 19. Rfc1 O-O 20. Nh2 Rxc1+ 21. Rxc1
Bc6 22. Ng4 Kg7 23. Nf6 h5 24. g4 hxg4 25. Nxg4 Rh8 26. Nf6 Rh4 27. g3 Rh8 28.
Kg2 Qa3 29. Qc3 Qa2+ 30. Kf3 Rh2 31. Qe3 Qg2+ 32. Kg4 Qh3+ 33. Kf3  1/2-1/2

[Event "?"]
[Site "?"]
[Date "2017.09.10"]
[Round "3.56"]
[White "Kluger, Hans-Peter"]
[Black "Zechel, Rolf-Rüdiger"]
[Result "1/2-1/2"]
[BlackElo "1694"]
[BlackTeam "SK Kaltenkirchen"]
[EventDate "2017.??.??"]
[PlyCount "138"]
[WhiteElo "1917"]
[WhiteTeam "SF Fallersleben"]

1. c4 c5 2. Nc3 Nf6 3. g3 e6 4. Bg2 Be7 5. d3 O-O 6. Bf4 d6 7. Nf3 a6 8. O-O
Nbd7 9. Re1 Rb8 10. Rb1 b6 11. b4 Bb7 12. bxc5 bxc5 13. Qc2 Qc7 14. h3 Rfe8 15.
g4 h6 16. Bg3 Nf8 17. Rb2 Bc6 18. Reb1 Rxb2 19. Rxb2 Rb8 20. Qb1 Rxb2 21. Qxb2
Qb7 22. Qxb7 Bxb7 23. Nd2 Bxg2 24. Kxg2 N8d7 25. Nce4 Ne8 26. Nb3 Ndf6 27. Nc3
Bd8 28. e4 Nd7 29. f4 f6 30. Kf3 Kf7 31. h4 g6 32. Nd1 Nb8 33. f5 gxf5 34. exf5
e5 35. Nf2 Nc6 36. a3 Na5 37. Nd2 Nc6 38. Nb3 Na5 39. Na1 Nc6 40. Nc2 Ba5 41.
Ne4 Bd8 42. Bf2 Be7 43. Be3 Kg7 44. g5 hxg5 45. hxg5 fxg5 46. Nxg5 Nf6 47. Ne6+
Kf7 48. Bg5 Ng8 49. Kg4 Nf6+ 50. Bxf6 Kxf6 51. Ne3 Bd8 52. Nd5+ Kf7 53. Nxd8+
Nxd8 54. Kg5 Nc6 55. Nc7 a5 56. Nb5 Ke7 57. Kg6 e4 58. f6+ Kf8 59. dxe4 Ne5+
60. Kf5 Nxc4 61. Ke6 a4 62. Nc3 Nxa3 63. Kxd6 Kf7 64. e5 Nc4+ 65. Kd5 Ne3+ 66.
Kxc5 Ke6 67. Nb5 Ng4 68. Nd4+ Kf7 69. Kd6 Nxf6  1/2-1/2

[Event "?"]
[Site "?"]
[Date "2017.09.10"]
[Round "3.57"]
[White "Schröder, Harm"]
[Black "Gerhards, Walter"]
[Result "0-1"]
[BlackElo "1916"]
[BlackTeam "Ratinger SK"]
[EventDate "2017.??.??"]
[PlyCount "132"]
[WhiteElo "1696"]
[WhiteTeam "SK Union Oldenburg"]

1. e4 e5 2. Nf3 Nc6 3. Bc4 Bc5 4. O-O d6 5. h3 Nf6 6. Nc3 O-O 7. d3 Na5 8. Bg5
Nxc4 9. dxc4 c6 10. a3 Be6 11. b3 h6 12. Bh4 g5 13. Bg3 Nh5 14. Bh2 Nf4 15.
Bxf4 gxf4 16. Na4 Bb6 17. Nxb6 axb6 18. a4 Qe7 19. Qe2 Kh7 20. Rad1 Rg8 21. Kh2
Rg6 22. g4 fxg3+ 23. fxg3 Rag8 24. Rg1 Bc8 25. Nh4 Rg5 26. Qf3 Be6 27. Rdf1 Qd7
28. g4 Qe7 29. Nf5 Bxf5 30. gxf5 Rxg1 31. Rxg1 Rxg1 32. Kxg1 Qg5+ 33. Kh2 Qd2+
34. Qg2 Qf4+ 35. Kh1 h5 36. Kg1 Kh6 37. Kh1 h4 38. Kg1 Qg5 39. Kh2 Qc1 40. Qf2
Kg5 41. Qg2+ Kf6 42. Qf2 Qg5 43. Qg2 Qf4+ 44. Kg1 Ke7 45. Qe2 Kd8 46. Qg2 Kc7
47. b4 Kb8 48. a5 bxa5 49. bxa5 c5 50. a6 Ka7 51. axb7 Kxb7 52. Qe2 Qg3+ 53.
Qg2 Qe3+ 54. Kh2 Kb6 55. Qg4 Qf2+ 56. Qg2 Qf4+ 57. Kg1 Ka5 58. Qf2 Qc1+ 59. Kg2
Kb4 60. Qe2 Qg5+ 61. Kh1 Qg3 62. Qd2+ Qc3 63. Qd3 Qxd3 64. cxd3 Kc3 65. Kg2
Kxd3 66. Kf3 Kxc4  0-1

[Event "11.offene Senioren SH 2017"]
[Site "Büsum"]
[Date "2017.09.10"]
[Round "3.58"]
[White "Van Dongen, Rob"]
[Black "Kühnen, Gerhard"]
[Result "1-0"]
[WhiteElo "1907"]
[BlackElo "1639"]
[PlyCount "83"]
[EventDate "2017.??.??"]
[WhiteTeam "VAS Amsterdam"]
[BlackTeam "Flensburger SK"]

1. d4 Nf6 2. c4 d6 3. Nf3 c6 4. Nc3 Nbd7 5. Bf4 Nh5 6. Bg3 g6 7. e3 e6 8. Bd3
Bg7 9. Bxd6 f5 10. O-O Kf7 11. Qd2 Re8 12. Ne5+ Nxe5 13. Bxe5 Bxe5 14. dxe5 Qa5
15. f4 Rd8 16. Qe2 Bd7 17. Rad1 Qc7 18. Rd2 Rh8 19. Rfd1 Rad8 20. Bb1 Bc8 21.
g3 Qe7 22. a3 Rd7 23. Rxd7 Bxd7 24. Rd6 Rd8 25. Qd1 Ke8 26. c5 Ng7 27. b4 g5
28. a4 h5 29. Kf2 g4 30. Ba2 Kf7 31. Qd3 Ke8 32. Bc4 h4 33. b5 Nh5 34. e4 Ng7
35. Qd1 Nh5 36. exf5 exf5 37. Rh6 hxg3+ 38. hxg3 Qxc5+ 39. Kg2 Nxf4+ 40. gxf4
Qf8 41. Qh1 Bc8 42. Rh8 1-0